Phân lập và tuyển chọn cộng đồng nấm rễ nội sinh hỗ trợ sự tăng trưởng và khả năng phòng trị bệnh thối gốc mè do nấm Phytophthora nicotianae trong điều kiện nhà lưới : Luận văn tốt nghiệp Cao học. Chuyên ngành Bảo vệ thực vật
Phân lập và xác định thành phần cộng đồng nấm rễ nội sinh từ cây bắp và cây mè, đánh giá khả năng đáp ứng sự sinh trưởng của cây mè với các nguồn nấm rễ được phân lập.
Đã lưu trong:
| 主要作者: | |
|---|---|
| 格式: | 图书 |
| 语言: | Undetermined |
| 出版: |
Cần Thơ
Trường Đại học Cần Thơ
2017
|
| 主题: | |
| 标签: |
添加标签
没有标签, 成为第一个标记此记录!
|
| Thư viện lưu trữ: | Trung tâm Học liệu Trường Đại học Cần Thơ |
|---|
| LEADER | 01320nam a2200217Ia 4500 | ||
|---|---|---|---|
| 001 | CTU_224330 | ||
| 008 | 210402s9999 xx 000 0 und d | ||
| 082 | |a 632.4 | ||
| 082 | |b V300 | ||
| 088 | |a 60620112 | ||
| 100 | |a Nguyễn, Phan Ngọc Tường Vi | ||
| 245 | 0 | |a Phân lập và tuyển chọn cộng đồng nấm rễ nội sinh hỗ trợ sự tăng trưởng và khả năng phòng trị bệnh thối gốc mè do nấm Phytophthora nicotianae trong điều kiện nhà lưới : | |
| 245 | 0 | |b Luận văn tốt nghiệp Cao học. Chuyên ngành Bảo vệ thực vật | |
| 245 | 0 | |c Nguyễn Phan Ngọc Tường Vi ; Đỗ Thị Xuân (Cán bộ hướng dẫn) | |
| 260 | |a Cần Thơ | ||
| 260 | |b Trường Đại học Cần Thơ | ||
| 260 | |c 2017 | ||
| 520 | |a Phân lập và xác định thành phần cộng đồng nấm rễ nội sinh từ cây bắp và cây mè, đánh giá khả năng đáp ứng sự sinh trưởng của cây mè với các nguồn nấm rễ được phân lập. | ||
| 650 | |a Mushrooms,Nấm | ||
| 650 | |x Diseases and pests,Bệnh và sâu bệnh | ||
| 980 | |a Trung tâm Học liệu Trường Đại học Cần Thơ | ||